<?xml version="1.0" encoding="UTF-8"?>
<record
    xmlns:xsi="http://www.w3.org/2001/XMLSchema-instance"
    xsi:schemaLocation="http://www.loc.gov/MARC21/slim http://www.loc.gov/standards/marcxml/schema/MARC21slim.xsd"
    xmlns="http://www.loc.gov/MARC21/slim">

  <leader>01036nam a22002177a 4500</leader>
  <controlfield tag="005">20210601090136.0</controlfield>
  <controlfield tag="008">      s2551    th                  tha d</controlfield>
  <datafield tag="020" ind1=" " ind2=" ">
    <subfield code="a">9789743030369</subfield>
  </datafield>
  <datafield tag="040" ind1=" " ind2=" ">
    <subfield code="a">NALT </subfield>
  </datafield>
  <datafield tag="041" ind1=" " ind2=" ">
    <subfield code="a">tha</subfield>
  </datafield>
  <datafield tag="050" ind1=" " ind2=" ">
    <subfield code="a">QA 76.9.E52</subfield>
    <subfield code="b">&#xE2A;289&#xE21; 2551</subfield>
  </datafield>
  <datafield tag="100" ind1="0" ind2=" ">
    <subfield code="a">&#xE2A;&#xE21;&#xE2B;&#xE27;&#xE31;&#xE07; &#xE1E;&#xE31;&#xE0A;&#xE2D;&#xE31;&#xE22;</subfield>
    <subfield code="9">50469</subfield>
  </datafield>
  <datafield tag="245" ind1="1" ind2="0">
    <subfield code="a">Microsoft Exchange Server 2007 &#xE41;&#xE04;&#xE48;&#xE04;&#xE25;&#xE34;&#xE01;-&#xE04;&#xE25;&#xE34;&#xE01;-&#xE04;&#xE25;&#xE34;&#xE01; &#xE01;&#xE47;&#xE1A;&#xE23;&#xE34;&#xE2B;&#xE32;&#xE23;&#xE40;&#xE21;&#xE25;&#xE40;&#xE0B;&#xE34;&#xE23;&#xE4C;&#xE1F;&#xE40;&#xE27;&#xE2D;&#xE23;&#xE4C;&#xE44;&#xE14;&#xE49;&#xE41;&#xE25;&#xE49;&#xE27;! /</subfield>
    <subfield code="c">&#xE2A;&#xE21;&#xE2B;&#xE27;&#xE31;&#xE07; &#xE1E;&#xE31;&#xE0A;&#xE2D;&#xE31;&#xE22;</subfield>
  </datafield>
  <datafield tag="260" ind1=" " ind2=" ">
    <subfield code="a">&#xE01;&#xE23;&#xE38;&#xE07;&#xE40;&#xE17;&#xE1E;&#xE2F; : </subfield>
    <subfield code="b">&#xE27;&#xE34;&#xE15;&#xE15;&#xE35;&#xE49;&#xE01;&#xE23;&#xE38;&#xE4A;&#xE1B;, </subfield>
    <subfield code="c">2551</subfield>
  </datafield>
  <datafield tag="300" ind1=" " ind2=" ">
    <subfield code="a">383 &#xE2B;&#xE19;&#xE49;&#xE32; :</subfield>
    <subfield code="b">&#xE20;&#xE32;&#xE1E;&#xE1B;&#xE23;&#xE30;&#xE01;&#xE2D;&#xE1A; ;</subfield>
    <subfield code="c">22 &#xE0B;&#xE21;.</subfield>
  </datafield>
  <datafield tag="650" ind1=" " ind2="0">
    <subfield code="a">&#xE08;&#xE14;&#xE2B;&#xE21;&#xE32;&#xE22;&#xE2D;&#xE34;&#xE40;&#xE25;&#xE47;&#xE01;&#xE17;&#xE23;&#xE2D;&#xE19;&#xE34;&#xE01;&#xE2A;&#xE4C;</subfield>
    <subfield code="9">21482</subfield>
  </datafield>
  <datafield tag="650" ind1=" " ind2="4">
    <subfield code="a">&#xE44;&#xE04;&#xE25;&#xE40;&#xE2D;&#xE19;&#xE15;&#xE4C;/&#xE40;&#xE0B;&#xE34;&#xE23;&#xE4C;&#xE1F;&#xE40;&#xE27;&#xE2D;&#xE23;&#xE4C;</subfield>
    <subfield code="9">50633</subfield>
  </datafield>
  <datafield tag="850" ind1=" " ind2=" ">
    <subfield code="a">NALT</subfield>
  </datafield>
  <datafield tag="942" ind1=" " ind2=" ">
    <subfield code="c">GB</subfield>
    <subfield code="2">lcc</subfield>
  </datafield>
  <datafield tag="998" ind1=" " ind2=" ">
    <subfield code="j">1020</subfield>
    <subfield code="k"> &#xE08;&#xE33;&#xE40;&#xE23;&#xE35;&#xE22;&#xE07; &#xE23;&#xE30;&#xE27;&#xE31;&#xE07;&#xE2A;&#xE33;&#xE42;&#xE23;&#xE07;</subfield>
  </datafield>
  <datafield tag="999" ind1=" " ind2=" ">
    <subfield code="c">57782</subfield>
    <subfield code="d">57782</subfield>
  </datafield>
  <datafield tag="952" ind1=" " ind2=" ">
    <subfield code="0">0</subfield>
    <subfield code="1">0</subfield>
    <subfield code="4">0</subfield>
    <subfield code="7">0</subfield>
    <subfield code="8">CGBL</subfield>
    <subfield code="a">NALT</subfield>
    <subfield code="b">NALT</subfield>
    <subfield code="e">&#xE08;&#xE31;&#xE14;&#xE0B;&#xE37;&#xE49;&#xE2D;&#xE17;&#xE23;&#xE31;&#xE1E;&#xE22;&#xE32;&#xE01;&#xE23;</subfield>
    <subfield code="g">295.00</subfield>
    <subfield code="l">0</subfield>
    <subfield code="o">QA 76.9.E52 &#xE2A;289&#xE21; 2551</subfield>
    <subfield code="p">3961176422</subfield>
    <subfield code="r">2017-06-09 00:00:00</subfield>
    <subfield code="v">345.00</subfield>
    <subfield code="w">2017-06-09</subfield>
    <subfield code="y">GB</subfield>
  </datafield>
</record>
